| 000 | 00634nam a2200217Ia 4500 | ||
|---|---|---|---|
| 003 | OSt | ||
| 005 | 20250917112521.0 | ||
| 008 | 210719s1966 xx 000 0 und d | ||
| 040 | _cAL | ||
| 041 | _aTulu | ||
| 082 | _aT894.2 RAVS | ||
| 100 |
_aRAV (P S) _dರಾವ್ (ಪಿ ಎಸ್) _9239066 |
||
| 245 |
_aSamshayada sankale _bಸಂಶಯದ ಸಂಕಲೆ |
||
| 260 |
_aMangaluru _c1966 |
||
| 300 |
_a87 _bPB |
||
| 365 |
_b1.25 _cRs |
||
| 650 |
_a Tulu pattedhari samajika nataka _9239067 |
||
| 650 |
_aTulu Drama _9239068 |
||
| 906 | _anataka ; pattedhari ; samajika ; Samshayada ; sankale ; Tulu | ||
| 942 |
_2ddc _cBK |
||
| 999 |
_c214681 _d214681 |
||